LEADER 00861nam0-22003011i-450- 001 990003269110403321 005 20001010 035 $a000326911 035 $aFED01000326911 035 $a(Aleph)000326911FED01 035 $a000326911 100 $a20000920d1977----km-y0itay50------ba 101 0 $aita 105 $ay-------001yy 200 1 $aANCORA SULLE VARIAZIONI DEL LIMITE SUPERIORE DEL BOSCO IN PIEMONTE 210 $aFirenze$cArti Grafiche Giorgi & Gambi$d19 77 215 $app. 10 610 0 $aPiemonte 676 $a074.014 700 1$aCapello,$bCarlo Felice$0129596 801 0$aIT$bUNINA$gRICA$2UNIMARC 901 $aBK 912 $a990003269110403321 952 $a074.014.CAP.02$b1973$fDECGE 959 $aDECGE 996 $aANCORA SULLE VARIAZIONI DEL LIMITE SUPERIORE DEL BOSCO IN PIEMONTE$9450641 997 $aUNINA DB $aING01 LEADER 01379nam--2200421---450- 001 990003162810203316 005 20081021103132.0 035 $a000316281 035 $aUSA01000316281 035 $a(ALEPH)000316281USA01 035 $a000316281 100 $a20081021d1966----km-y0itay50------ba 101 $aeng 102 $aGB 105 $a||||||||001yy 200 1 $a<> works and correspondence of David Ricardo$evol. 2. Notes on Malthus's principles of political economy$fedited by Piero Sraffa$gwith the collaboration of M. H. Dobb 210 $aCambridge$cUniversity press$d1966 215 $av.$d24 cm 300 $aComprende vol. 2: Notes on Malthus's principles of political economy 410 0$12001 454 1$12001 461 1$1001-------$12001 600 0 $aRicardo,$bDavid 676 $a330.153 700 1$aSRAFFA,$bPiero$050160 702 1$aDOBB,$bM. H. 801 0$aIT$bsalbc$gISBD 912 $a990003162810203316 951 $a330.153 SRA$b573 DITESI (SEZ. 5 N. 143) 959 $aBK 969 $aDITESI 979 $aDITESI$b10$c20081021$lUSA01$h1027 979 $aDITESI$b10$c20081021$lUSA01$h1030 979 $aDITESI$b10$c20081021$lUSA01$h1030 979 $aDITESI$b10$c20081021$lUSA01$h1031 979 $aPATRY$b90$c20100831$lUSA01$h1108 996 $aWorks and correspondence of David Ricardo$91017455 997 $aUNISA